000
00306nam a2200109Ia 4500
008
171204s9999 xx 000 0 und d
245
_a
Reactive Programming with Node.js:
245
_c
Fernando Doglio
260
_c
2016
650
_x
Programming 1-2
856
_u
http://down.ebook777.com/061/1484221516.pdf
999
_c
345962
_d
345962